Podnikanie a manažment : Korene, podstata, súvislosti a trendy /
Salvato in:
| Autori principali: | , , , |
|---|---|
| Natura: | Libro |
| Lingua: | slovacco |
| Pubblicazione: |
Praha
Wolters Kluwer
2017
|
| Edizione: | 1. vydanie |
| Soggetti: | |
| Tags: |
Nessun Tag, puoi essere il primo ad aggiungerne!!
|
MARC
| LEADER | 00000nam a22000003a 4500 | ||
|---|---|---|---|
| 001 | 0072140 | ||
| 003 | SK-STU | ||
| 005 | 20190305104706.3 | ||
| 007 | ta | ||
| 008 | 190305s ----xo-----e------000-0-----d | ||
| 020 | |a 978-80-7552-579-6 | ||
| 040 | |a STU |b slo | ||
| 041 | 0 | |a slo | |
| 044 | |a xo | ||
| 100 | 1 | |a Papula, Jozef, |d 1946- |4 aut |X 1425 |7 A000001425 | |
| 245 | 1 | 0 | |a Podnikanie a manažment : |b Korene, podstata, súvislosti a trendy / |c aut. Jozef Papula, Emília Papulová, Ján Papula, Zuzana Papulová |
| 250 | |a 1. vydanie | ||
| 260 | |a Praha |b Wolters Kluwer |c 2017 | ||
| 300 | |a 320 s. | ||
| 650 | 0 | 7 | |a manažment |
| 700 | 1 | |a Papulová, Emília |4 aut | |
| 700 | 1 | |a Papula, Ján, |d 1979- |4 aut |X 71186 |7 71186 | |
| 700 | 1 | |a Papulová, Zuzana |4 aut | |
| 996 | |b I24KN000133 |c I*3M13056 |l II680 |s A |a 24 |w 0072140_0001 | ||
| 996 | |b I24KN000134 |c I*3M13057 |l II680 |s P |a 0 |w 0072140_0002 | ||